| 000 | 00460nam a2200181Ia 4500 | ||
|---|---|---|---|
| 008 | 220531s9999 xx 000 0 und d | ||
| 041 | _aeng | ||
| 082 | _bDAS | ||
| 100 |
_aDas,snehlata &. Sahoo,s. S. _960332 |
||
| 245 | _aAmerican & Indian Literature In Cultural Continuity | ||
| 250 | _a1 | ||
| 260 |
_aPune _bSignature _c2011 |
||
| 300 | _a230 | ||
| 542 | _d20-10-2011 | ||
| 650 |
_aEnglish _960333 |
||
| 906 | _d2011-2012 | ||
| 999 |
_c34478 _d34478 |
||